000 00494nam a2200169Ia 4500
003 GCL
008 140319s9999 xx 000 0 ara d
040 _aGCL /
_cGCL
082 0 4 _a813.01
_bا م
100 1 _aابراهيم عبدالمجيد
245 1 0 _aمشاهد صغيرة حول سور كبير /
_cابراهيم عبدالمجيد
490 _a100 قصة
_v0
650 0 4 _aالادب العربى
650 0 4 _aالقصص القصيرة
650 0 4 _aالقصص
942 _2ddc
_cBK
999 _c44191
_d44191